Chimie generale

Αποθηκεύτηκε σε:
Λεπτομέρειες βιβλιογραφικής εγγραφής
Κύριος συγγραφέας: Atkins, P. W. (Peter William), 1940-
Μορφή: Βιβλίο
Γλώσσα:French
English
Δημοσίευση: Paris : InterEditions, 1991.
Θέματα:
Ετικέτες: Προσθήκη ετικέτας
Δεν υπάρχουν, Καταχωρήστε ετικέτα πρώτοι!

MARC

LEADER 00000cam a2200000 i 4500
001 1/70558
008 970722s1992 fr | ||| |||| ||fre||
020 |a 2729603786 
035 |a 1993  |b 1  |c Χατζηνικήτα  |l 10030686 
040 |a GR-MyUa   |b gre  |e AACR2 
041 1 |a fre  |h eng 
082 7 |a 540.2   |2 (23)  
100 1 |a Atkins, P. W.   |q (Peter William),   |d 1940- 
245 1 0 |a Chimie generale /   |c Peter Atkins.  
260 |a Paris :   |b InterEditions,   |c 1991.  
300 |a 928 σ. :   |b έγχρωμ. εικ. ;   |c 27 εκ.  
504 |a Περιέχει ευρετήριο.  
500 |a Τίτλος πρωτοτύπου: General chemistry.  
650 0 |a Chemistry. 
852 |a INST  |b RHODES  |e 19970722  |h 540.2 ATK  |p 005400009289  |q 005400009289  |t BK  |y 0 
970 |z 1997/07/22